Culture Générale - Série 1474 - Statistiques

Statistiques générales
  • Ce quiz a été pris 130 fois
  • Le résultat moyen est 7 sur 10
Statistiques - réponses
Question Réponse % Correct
Selon l'expression, lorsqu'un sportif abandonne une compétiton, que déclare-t-il ? forfait
95%
Quel objet, dont le nom rime avec "hérisson", sert à s'essuyer les pieds sur le seuil d'une habitation ? paillasson
95%
Par opposition au mot "diurne", quel adjectif qualifie un animal actif durant la nuit ? nocturne
88%
"Tire la chevillette et la bobinette cherra". "Cherra" est conjugué au futur, mais quel est l'infinitif de ce verbe ? choir
78%
Quel est le nom complet du joueur de tennis surnommé "Djoko" ? Novak Djokovic
77%
Dans la mythologie grecque, Hermaphrodite est le fils d'Hermès et... Aphrodite
68%
Quelle ville du sud de la France associe-t-on généralement aux cartes de tarot divinatoire ? Marseille
63%
Comment s'appellent les habitants d'Orange, dans le Vaucluse ? Orangeois
63%
Quel acteur tient le rôle principal des films "Capitaine Corelli" et "Benjamin Gates et le trésor des Templiers" ? Nicolas Cage
39%
Dans quel État des États-Unis est situé la ville de Sleepy Eye, rendue célèbre grâce à la série “La Petite Maison dans la prairie” ? Minnesota
12%
Aucun quiz correspondant
Distribution des résultats
% des personnes avec chaque résultat
Percentile par nombre de réponses
Votre historique - résultats
Vous n’avez pas pris ce quiz